=LDR 00000nam 2200000 4500 =001 INLIS000000000048065 =005 20210413101127 =035 ##$$a 0010-041600000000046 =008 210413################g##########0#ind## =082 ##$$a 303.4 =090 ##$$a 303.4 Aga a =100 ##$$a Mattulada...[et.al] =245 1#$$a Agama dan Perubahan Sosial /$c Mattulada...[et.al] =260 ##$$a Jakarta :$b Rajawali,$c 1983 =300 ##$$a xvii, 442 hlm : $b ilus ; $c 20 x 14 cm. =084 ##$$a 303.4 MAT a =250 ##$$a cet. 1 =650 #4$$a Agama dan Perubahan =990 ##$$a 7.828/pro-84